The Dynamics of Heat : A Unified Approach to Thermodynamics and Heat Transfer
Guardado en:
| Autor principal: | |
|---|---|
| Formato: | Libro |
| Lenguaje: | inglés |
| Publicado: |
New York :
Springer Science+Business Media, LLC,
2010
|
| Materias: | |
| Etiquetas: |
Sin Etiquetas, Sea el primero en etiquetar este registro!
|
MARC
| LEADER | 00000nam a22000003a 4500 | ||
|---|---|---|---|
| 001 | stu258019 | ||
| 005 | 20190206105220.0 | ||
| 008 | 121126s2010----xxu-----------------eng-d | ||
| 020 | |a 978-1-4419-7603-1 | ||
| 040 | |a STU |b slo | ||
| 041 | 0 | |a eng | |
| 044 | |a xxu | ||
| 080 | |a 536.2 | ||
| 100 | 1 | |a Fuchs, Hans U. |4 aut | |
| 245 | 1 | |a The Dynamics of Heat : |b A Unified Approach to Thermodynamics and Heat Transfer | |
| 260 | |a New York : |b Springer Science+Business Media, LLC, |c 2010 | ||
| 300 | |a 734 s | ||
| 650 | 7 | |a termodynamika |2 stusub | |
| 996 | |b 284M081700 |c M*13330-1 |l MMKN |s A |a 24 |w stu258019_0001 | ||